000 00786nam a2200229Ia 4500
003 OSt
005 20220923214759.0
006 a|||||r|||| 00| 0
007 ta
008 220922b |||||||| |||| 00| 0 hin d
024 _a172,686
037 _cTextual
040 _aARTS
_cARTS
_bhin
041 _2hin
_ahin
082 _aO152:3NM4:11, J4
100 _aमहेन्द्रनाथ
_9156945
245 0 _aरात अंधेरी है* उपन्यास, सरला देवी रेवती सरन शर्मा अन
246 _aRāt aandherī hai: upanyāsa, saralā devī revatī saran sharmā ana0
260 _c1954
942 _hO152:3NM4:11, J4
_cTEXL
_2CC
999 _c326694
_d326694